100 matches avec l'OL_Mort Subite (difficile) - Statistiques

Statistiques générales
  • Ce quiz a été pris 55 fois
  • Le résultat moyen est 3 sur 20
Answers on the Grid
Answers color-coded by a green-red scale on the quiz's grid according to % correct below.
Devaux
Abidal
Gueïda Fofana
Bedimo
Ben Arfa
Berthod
Bertrand Traoré
Dabo
Diomandé
Dubois
Essien
Ferland Mendy
Ghezzal
Giuly
Gourcuff
Grosse
Jallet
Wiltord
Bodmer
Boumsong
Tigana
Marçal
Morel
Mvuemba
Ndombélé
Grenier
Paqueta
Pjanic
Roy
Squillaci
Terrier
Tete
Thiago Mendes
Tiago Mendes
Toko Ekambi
Vairelles
Lovren
Valbuena
Vercoutre
Ederson
 
Statistiques - réponses
Réponse % Correct
107 matches Abidal
58%
154 matches Grenier
38%
126 matches Bertrand Traoré
25%
134 matches Lovren
25%
128 matches Ghezzal
23%
129 matches Dubois
20%
128 matches Gourcuff
20%
131 matches Giuly
18%
121 matches Pjanic
15%
114 matches Wiltord
15%
114 matches Toko Ekambi
13%
112 matches Vercoutre
13%
139 matches Morel
10%
103 matches Bedimo
8%
111 matches Ndombélé
8%
114 matches Ederson
5%
143 matches Thiago Mendes
5%
104 matches Gueïda Fofana
3%
111 matches Tigana
3%
128 matches Roy
0%
Aucun quiz correspondant
Distribution des résultats
% des personnes avec chaque résultat
Percentile par nombre de réponses
Votre historique - résultats
Vous n’avez pas pris ce quiz